| 000 | 00521nam a2200181 a 4500 | ||
|---|---|---|---|
| 005 | 20210219151704.0 | ||
| 008 | 991125 mx 000 0 spa u | ||
| 020 | _a2067045806 | ||
| 035 | _aUPN01000039073 | ||
| 049 | _aC | ||
| 050 | 4 |
_aF1216 M49 _b1991 |
|
| 245 | 0 | 0 |
_aMéxico : _bguía turística |
| 260 |
_aMéxico$aParís; : _bGuías Turísticas Banamex$bMichelin |
||
| 300 |
_a256 p. : _bil. col., [1] m |
||
| 651 | 4 |
_aMEXICO - _xDESCRIPCION Y VIAJES - _xGUIAS DE VIAJEROS |
|
| 904 |
_aAC _b039075 |
||
| 905 | _aLibro | ||
| 999 |
_c39073 _d39073 |
||